Les 20 villes les plus peuplées du Bas-Rhin sur une carte - Statistiques

Statistiques générales
  • Ce quiz a été pris 52 fois
  • Le résultat moyen est 12 sur 20
Réponses sur la Carte
Les réponses sont colorées sur une échelle allant du rouge au vert en fonction du pourcentage des utilisateurs qui les ont devinées à leur premier essai. Vous pouvez retrouver ces pourcentages ci-dessous.
 
Statistiques - réponses
Population Ville % Correct
291 709 Strasbourg
100%
36 070 Haguenau
93%
27 339 Illkirch-Graffenstaden
89%
19 523 Sélestat
89%
34 382 Schiltigheim
85%
11 323 Saverne
78%
9 328 Molsheim
74%
12 303 Obernai
74%
18 289 Bischheim
61%
20 683 Lingolsheim
61%
10 369 Brumath
52%
11 076 Erstein
50%
7 541 Wissembourg
48%
13 492 Ostwald
41%
11 413 Hoenheim
39%
12 211 Bischwiller
37%
7 086 Barr
28%
7 759 Geispolsheim
24%
8 182 Souffelweyersheim
24%
7 237 Eckbolsheim
22%
Aucun quiz correspondant
Distribution des résultats
% des personnes avec chaque résultat
Percentile par nombre de réponses
Votre historique - résultats
Vous n’avez pas pris ce quiz